Determinanten der Studienleistung: Ergebnisse einer Befragung von Examenskandidaten
Saved in:
| Main Authors: | , , |
|---|---|
| Format: | Chapter/Article |
| Language: | German |
| Published: |
1996
|
| In: |
Die universitäre Juristenausbildung
Year: 1996, Pages: 88-114 |
| Online Access: |
|
| Author Notes: | M. Benke, D. Hermann u. B. Tag |
MARC
| LEADER | 00000caa a22000002c 4500 | ||
|---|---|---|---|
| 001 | 1456801708 | ||
| 003 | DE-627 | ||
| 005 | 20220811004419.0 | ||
| 007 | tu | ||
| 008 | 130704s1996 xx ||||| 00| ||ger c | ||
| 035 | |a (DE-627)1456801708 | ||
| 035 | |a (DE-576)386801703 | ||
| 035 | |a (DE-599)BSZ386801703 | ||
| 035 | |a (OCoLC)1340490611 | ||
| 040 | |a DE-627 |b ger |c DE-627 |e rakwb | ||
| 041 | |a ger | ||
| 084 | |a 14 |2 sdnb | ||
| 100 | 1 | |a Benke, Michael |4 aut | |
| 245 | 1 | 0 | |a Determinanten der Studienleistung |b Ergebnisse einer Befragung von Examenskandidaten |c M. Benke, D. Hermann u. B. Tag |
| 264 | 1 | |c 1996 | |
| 300 | |a 27 | ||
| 336 | |a Text |b txt |2 rdacontent | ||
| 337 | |a ohne Hilfsmittel zu benutzen |b n |2 rdamedia | ||
| 338 | |a Band |b nc |2 rdacarrier | ||
| 700 | 1 | |a Hermann, Dieter |d 1951- |0 (DE-588)135546311 |0 (DE-627)566683806 |0 (DE-576)300506554 |4 aut | |
| 700 | 1 | |a Tag, Brigitte |d 1959- |0 (DE-588)11450606X |0 (DE-627)637286391 |0 (DE-576)173038085 |4 aut | |
| 773 | 0 | 8 | |i In |t Die universitäre Juristenausbildung |d Bonn : Deutscher Hochschulverband, 1996 |g (1996), Seite 88-114 |h III, 210 S |w (DE-627)218766084 |w (DE-576)053516796 |z 3924066574 |7 nnam |a Determinanten der Studienleistung Ergebnisse einer Befragung von Examenskandidaten |
| 773 | 1 | 8 | |g year:1996 |g pages:88-114 |g extent:27 |a Determinanten der Studienleistung Ergebnisse einer Befragung von Examenskandidaten |
| 951 | |a AR | ||
| 992 | |a 20130704 | ||
| 993 | |a BookComponentPart | ||
| 994 | |a 1996 | ||
| 998 | |g 135546311 |a Hermann, Dieter |m 135546311:Hermann, Dieter |d 20000 |d 20200 |e 20000PH135546311 |e 20200PH135546311 |k 0/20000/ |k 1/20000/20200/ |p 2 | ||
| 999 | |a KXP-PPN1456801708 |e 2755197994 | ||
| BIB | |a Y | ||
| JSO | |a {"person":[{"role":"aut","display":"Benke, Michael","given":"Michael","family":"Benke"},{"role":"aut","given":"Dieter","family":"Hermann","display":"Hermann, Dieter"},{"given":"Brigitte","family":"Tag","display":"Tag, Brigitte","role":"aut"}],"recId":"1456801708","physDesc":[{"extent":"27 S."}],"type":{"bibl":"chapter"},"origin":[{"dateIssuedKey":"1996","dateIssuedDisp":"1996"}],"name":{"displayForm":["M. Benke, D. Hermann u. B. Tag"]},"relHost":[{"title":[{"subtitle":"empirische und theoretische Analysen zur Studiendauer und Studienleistung","title":"Die universitäre Juristenausbildung","title_sort":"universitäre Juristenausbildung"}],"corporate":[{"role":"oth","display":"Deutscher Hochschulverband"}],"name":{"displayForm":["bearb. von Dieter Hermann u. Brigitte Tag. Hrsg. Deutscher Hochschulverband"]},"origin":[{"dateIssuedKey":"1996","publisherPlace":"Bonn","dateIssuedDisp":"1996","publisher":"Deutscher Hochschulverband"}],"physDesc":[{"noteIll":"graph. Darst.","extent":"III, 210 S"}],"person":[{"family":"Hermann","given":"Dieter","display":"Hermann, Dieter","role":"oth"},{"display":"Tag, Brigitte","family":"Tag","given":"Brigitte","role":"oth"}],"id":{"isbn":["3924066574"],"eki":["218766084"]},"language":["ger"],"relMultPart":[{"pubHistory":["39.1986 -"],"disp":"Forum / Deutscher Hochschulverband","part":{"number":["63"],"number_sort":["6300"]},"recId":"130817147","dispAlt":"Forum","origin":[{"publisherPlace":"Bonn- Bad Godesberg","dateIssuedKey":"1986","publisher":"Dt. Hochschulverb.","dateIssuedDisp":"1986-"}],"type":{"bibl":"serial"},"titleAlt":[{"title":"Forum des Hochschulverbandes"}],"name":{"displayForm":["Deutscher Hochschulverband"]},"title":[{"title_sort":"Forum","title":"Forum"}],"corporate":[{"role":"isb","display":"Deutscher Hochschulverband"}],"id":{"issn":["0724-4665"],"zdb":["1013190-5"],"eki":["130817147"]},"language":["ger"]}],"type":{"bibl":"edited-book"},"part":{"text":"(1996), Seite 88-114","pages":"88-114","extent":"27","year":"1996"},"recId":"218766084","disp":"Determinanten der Studienleistung Ergebnisse einer Befragung von ExamenskandidatenDie universitäre Juristenausbildung"}],"title":[{"title_sort":"Determinanten der Studienleistung","subtitle":"Ergebnisse einer Befragung von Examenskandidaten","title":"Determinanten der Studienleistung"}],"language":["ger"],"id":{"eki":["1456801708"]}} | ||
| SRT | |a BENKEMICHADETERMINAN1996 | ||